Islami Riyasat / (Record no. 591454)
[ view plain ]
| 000 -LEADER | |
|---|---|
| fixed length control field | 00391nam a22001457a 4500 |
| 003 - CONTROL NUMBER IDENTIFIER | |
| control field | NUST |
| 005 - DATE AND TIME OF LATEST TRANSACTION | |
| control field | 20230310103518.0 |
| 082 ## - DEWEY DECIMAL CLASSIFICATION NUMBER | |
| Classification number | 297.8917719,MAU |
| 100 ## - MAIN ENTRY--PERSONAL NAME | |
| Personal name | Maududi, Syed Abul Aala |
| 9 (RLIN) | 99051 |
| 245 ## - TITLE STATEMENT | |
| Title | Islami Riyasat / |
| Statement of responsibility, etc. | Syed Abul Aala Maududi |
| 260 ## - PUBLICATION, DISTRIBUTION, ETC. | |
| Linkage | Islamic Pubication |
| Name of publisher, distributor, etc. | Lahore |
| Date of publication, distribution, etc. | 2006 |
| 300 ## - PHYSICAL DESCRIPTION | |
| Extent | 744 p |
| 650 ## - SUBJECT ADDED ENTRY--TOPICAL TERM | |
| Topical term or geographic name entry element | Islami Riyasat |
| 9 (RLIN) | 99052 |
| 942 ## - ADDED ENTRY ELEMENTS (KOHA) | |
| Source of classification or shelving scheme | |
| Koha item type | Book |
| Call number prefix | 297.8917719,MAU |
| Withdrawn status | Lost status | Source of classification or shelving scheme | Damaged status | Not for loan | Permanent Location | Current Location | Shelving location | Date acquired | Shelving control number | Total Checkouts | Full call number | Barcode | Date last seen | Date last checked out | Price effective from | Koha item type | Public note |
|---|---|---|---|---|---|---|---|---|---|---|---|---|---|---|---|---|---|
| Military College of Signals (MCS) | Military College of Signals (MCS) | General Stacks | 09/29/2022 | Islamic Books | 3 | 297.8917719,MAU | MCS33814 | 04/28/2025 | 04/11/2025 | 09/29/2022 | Book | Almirh No 64, Shelf No 4 | |||||
| Military College of Signals (MCS) | Military College of Signals (MCS) | General Stacks | 03/10/2023 | 297.8917719,MAU | MCS33813 | 03/10/2023 | 03/10/2023 | Book | Almirha No 64, Shelf No 4 |
